Value beyond cost savings (Record no. 111763)
[ view plain ]
| 000 -LEADER | |
|---|---|
| fixed length control field | 00818cad a22001935a 4500 |
| 001 - CONTROL NUMBER | |
| control field | E151963 |
| 008 - FIXED-LENGTH DATA ELEMENTS--GENERAL INFORMATION | |
| fixed length control field | 110117s2010 xxk f 000 0 eng d |
| 035 ## - SYSTEM CONTROL NUMBER | |
| System control number | (Sirsi) u151963 |
| 041 0# - LANGUAGE CODE | |
| Language code of text/sound track or separate title | eng |
| 100 1# - MAIN ENTRY--PERSONAL NAME | |
| Personal name | Muldavin, Scott R. |
| 245 00 - TITLE STATEMENT | |
| Title | Value beyond cost savings |
| Remainder of title | key conclusions on valuing sustainable properties |
| Medium | [electronic resource] |
| 260 ## - PUBLICATION, DISTRIBUTION, ETC. | |
| Place of publication, distribution, etc. | London |
| Name of publisher, distributor, etc. | RICS |
| Date of publication, distribution, etc. | 2010 |
| 520 ## - SUMMARY, ETC. | |
| Summary, etc. | Powerpoint presentation delivered at the conference "Getting all the Green Ducks in a Row: Energy Performance, Value and Green Homes", London, 29 March 2010. |
| 590 ## - LOCAL NOTE (RLIN) | |
| Local note | KA |
| 651 #4 - SUBJECT ADDED ENTRY--GEOGRAPHIC NAME | |
| Geographic name | International |
| 690 ## - LOCAL SUBJECT ADDED ENTRY--TOPICAL TERM (OCLC, RLIN) | |
| Topical term or geographic name as entry element | PROPERTY-PROPERTY APPRAISAL AND VALUATION |
| 856 40 - ELECTRONIC LOCATION AND ACCESS | |
| Uniform Resource Identifier | <a href="https://www.rics.org/site/scripts/download_info.aspx?fileID=6243&categoryID=361">https://www.rics.org/site/scripts/download_info.aspx?fileID=6243&categoryID=361</a> |
| Public note | View the presentation free of charge at www.rics.org. |
| 942 ## - ADDED ENTRY ELEMENTS (KOHA) | |
| Suppress in OPAC | 0 |
| Withdrawn status | Lost status | Source of classification or shelving scheme | Damaged status | Not for loan | Home library | Current library | Shelving location | Date acquired | Total Checkouts | Full call number | Barcode | Date last seen | Copy number | Price effective from | Koha item type |
|---|---|---|---|---|---|---|---|---|---|---|---|---|---|---|---|
| Dewey Decimal Classification | Virtual | Virtual | Online | 17/01/2011 | ONLINE PUBLICATION | 151963-1001 | 06/08/2019 | 1 | 06/08/2019 | Book |